Cultura Geral - Statistics

Estatísticas Gerais
  • Esse quiz foi jogado 21 vezes
  • A pontuação média é 8 de 15
Estatísticas das Respostas
Hint Resposta % Correto
Que país tem como capital Cidade da Guatemala? Guatemala
93%
Qual é a moeda do Chile? Peso
87%
Qual é a língua oficial da Síria? Árabe
80%
Qual é a língua oficial do Zâmbia? Inglês
80%
Qual é a capital do Equador? Quito
80%
Qual é a religião mais praticada no Cazaquistão? Islamismo
67%
Qual é o oposto de um carnívoro? Herbívoro
60%
Que famosa cantora pop americana adotou duas crianças do Malawi? Madonna
60%
Que cidade dos EUA é servida pelos aeroportos O'Hare e Midway? Chicago
47%
Que tipo de animais foram o tema do filme "Happy Feet"? Pinguins
47%
Qual é a flor associada aos Países Baixos? Túlipa
47%
Que personagem fictício foi retratado por Eartha Kitt, Michelle Pfeiffer, Halle Berry e Anne Hathaway? Catwoman
20%
Que atividade torna Aspen, Vail e Breckenridge famosos? Esquiar
13%
Que rodovia histórica ligava Chicago a Santa Mónica? Route 66
13%
Quem canta a música "Sexual Healing"? Marvin Gaye
7%
Nenhum quiz correspondente encontrado
Distribuição das Pontuações
Porcentagem de Pessoas com Cada Pontuação
Percentil de Números Respondidos
Sua Pontuação Histórica
Você não jogou esse quiz